| 000 | 01098nam a22002897a 4500 | ||
|---|---|---|---|
| 001 | 4732 | ||
| 003 | FISKH | ||
| 005 | 20241127095909.0 | ||
| 008 | 240926b cb ||||| |||| 00| 0 eng d | ||
| 020 | _a9780545289962 | ||
| 040 |
_aFISKH _beng _cFISKH _dFISKH |
||
| 050 | _aGV1204.B69 | ||
| 082 | _a790.1 | ||
| 100 |
_aMartin, Steve _eauthor |
||
| 245 |
_aThe Boy's Book of Adventure : _bAre you ready to face the challenge ? / _cwritten by Steve Martin : illustrated by Simon Ecob |
||
| 250 | _aThis edition first printing , September 2010 | ||
| 260 |
_aNew York : _bScholastic ; _c2010 . |
||
| 300 |
_a124 pages : _billustrations ; _c20 cm . |
||
| 505 | _aZ | ||
| 520 | _aA humorous guide for boys that discusses all of the skills that are necessary for a life of adventure and excitement, including slaying a werewolf, escaping a capsized ship, tackling a komodo dragon, and diving for treasure. | ||
| 521 | 8 |
_a1000
_bLexile |
|
| 521 | 8 |
_aZ
_bRaz-Plus |
|
| 650 |
_achildhood _vnon-fiction |
||
| 700 |
_aEcob, Simon _eillustrator |
||
| 942 |
_2ddc _cBK _n0 |
||
| 999 |
_c4732 _d4732 |
||